000 00330 a2200157 4500
001 193137
020 _a978-85-7488-719-7
040 _cMagnum
100 _aSousa, MaurĂ­cio de
240 1 0 _aBranca de neve
_lpor
245 1 0 _aBranca de neve
300 _a16
362 0 _a2008
697 _aLITERATURA INFANTO
942 _cBK
999 _c193137
_d193137